Thematic cartography and visualization /

Guardado en:
Autor Principal: Slocum, Terry A.
Formato: Libro
Idioma:English
Publicado: Upper Saddle River, N.J. : Prentice Hall, c1999.
Materias:
Etiquetas: Agregar Etiqueta
Sin Etiquetas, Sea el primero en etiquetar este registro!
LEADER 00732cam a2200217 a 4500
001 DCC.dcic001047
008 981008s1999####njuabf###b####001#0#eng##
005 20151125141146.0
245 1 0 |a Thematic cartography and visualization /  |c Terry A. Slocum. 
260 |a Upper Saddle River, N.J. :  |b Prentice Hall,  |c c1999. 
300 |a x, 293 p., 32 p. de láms. :  |b il. (algunas col.), maps (algunas col.) ;  |c 29 cm. 
504 |a Incluye referencias bibliográficas (p. 274-287) e índice. 
020 |a 0132097761 
100 1 |a Slocum, Terry A. 
082 0 0 |a 526  |2 21 
650 0 |a Cartography. 
650 0 |a Visualization. 
010 |a  98042704  
040 |a DLC  |c DLC  |d DLC 
050 0 0 |a GA108.7  |b .S58 1999 
859 |a DCIC  |b BIB. COMPUTACION  |p 1502